00932cam a2200253 a 450000100070000000500170000700800410002401000170006502000150008204000180009704100080011506000170012308000180014008200220015810000060018010100080018624502370019450400300043174000260046190600450048794200120053299900170054495201170056191573820180208044340.0820513s1983 paua b 001 0 eng  a 82010005  a0397543999 aDLCcDLCdDLC aeng aWB 205 B329g a616.0754 BAT00a616.0754 BAT2191 a8 aEKZ12aA guide to physical examination /cBarbara Bates, with a section on the pediatric examination by Robert A. Hoekelman ; illustrations by Robert Wabnitz and staff, University of Rochester School of Medicine, and Susan Shapiro Brenman. aBibliography: p. 537-548.0 aPhysical examination. a7bcbccorignewd1eocipf19gy-gencatlg 2ddccBK c42112d42112 00102udc40708PËKGa002b002cPËKGd2018-02-08l0o616.0754 BATp002-2999231r2018-02-08w2018-02-08yBK